00695 2200181 4500001002100000005001500021035002000036245017500056100002600231250002000257300005400277700006900331260004500400082001000445084001600455020002200471600002000493INLIS00000000114684620260213124822 a0010-02260004661 ameningkatkan Kreativitas dengan Seni Menggambar :bSeni Menggambar adalah salah satu bentuk ekspresi visual yang telah ada sejak zaman prasejarah /cUmi Azzam Irsya Putra0 aUmi Azzam Irsya Putra acetakan pertama avi, 64 halaman :bilustrasi ;c14 x 20 cmekertas0 aPenyusun; umu Azzam Irasya Putra, Desain Cover;Tim Salim Sanjaya aYogyakarta :bSalim Sanjaya Media,c2025 a741.2 a741.2 UMI m a978-623-8782-57-4 4aSeni Menggambar